Dějiny anglického národa /

Main Author: Johnson, Paul, 1928-2023
Other Authors: Lamperová, Věra, Lamper, Jan
Language: Czech
Published: Voznice : Praha : Leda ;Rozmluvy, 2012
Edition: 2., rev. a opr. vyd., V nakl. Leda vyd. 1.
Subjects:
Physical Description: 463 s. ; 21 cm
Book
Saved in:
LEADER 01792nam a2200505 a 4500
001 nkc20122429983
003 CZ PrNK
005 20210330110501.0
007 ta
008 121221s2012 xr f 001 0 cze
015 |a cnb002429983 
020 |a 978-80-7335-309-4  |q (LEDA ;  |q váz.) 
020 |a 978-80-87440-48-3  |q (Rozmluvy ;  |q váz.) 
035 |a (OCoLC)827261719 
040 |a ABA001  |b cze 
041 1 |a cze  |h eng 
043 |a e-uk-en  |a e-uk--- 
072 7 |a 94(41)  |x Dějiny britských ostrovů  |2 Konspekt  |9 8 
080 |a 94(=111)  |2 MRF 
080 |a 94(410.1)  |2 MRF 
080 |a 94(410)  |2 MRF 
080 |a (048.8)  |2 MRF 
100 1 |a Johnson, Paul,  |d 1928-2023  |7 jn19990004058  |4 aut 
240 1 0 |a Offshore Islanders.  |l Česky  |7 aun20211108724 
245 1 0 |a Dějiny anglického národa /  |c Paul Johnson ; [z angličtiny přeložili Věra a Jan Lamperovi] 
250 |a 2., rev. a opr. vyd., V nakl. Leda vyd. 1. 
260 |a Voznice :  |b Leda ;  |a Praha :  |b Rozmluvy,  |c 2012 
300 |a 463 s. ;  |c 21 cm 
500 |a Chronologický přehled 
504 |a Obsahuje bibliografické odkazy a rejstřík 
650 0 7 |a Angličané  |7 ph117333  |x dějiny  |2 czenas 
650 0 9 |a English  |x history  |2 eczenas 
651 7 |a Anglie  |7 ge134022  |x dějiny  |2 czenas 
651 7 |a Velká Británie  |7 ge134525  |x dějiny  |2 czenas 
651 9 |a England  |x history  |2 eczenas 
651 9 |a Great Britain  |x history  |2 eczenas 
655 7 |a monografie  |7 fd132842  |2 czenas 
655 9 |a monographs  |2 eczenas 
700 1 |a Lamperová, Věra  |7 jn20010309497  |4 trl 
700 1 |a Lamper, Jan  |7 jn20010309498  |4 trl 
910 2 |a BOA001  |b 2-1296.588 
990 |a BK 
995 |a 01 
991 |b 201301  |c NOV  |e n 
996 6 |b 2610531859  |c 2-1296.588  |l MZK  |r Sklad / do 1 hodiny  |n 8  |p p.v.  |w 001307171  |u 000010  |a 1  |e BOA001  |j MZK50  |s P